000
00198nam a2200085Ia 4500
008
120527s9999 xx 000 0 und d
100
_a
Horn, Van C.E
245
_a
A preface to mathematics
942
_c
BK
999
_c
27854
_d
27854